=LDR 00000nam 2200000 4500 =001 INLIS000000000810113 =005 20251022012339 =035 ##$$a 0010-1025000096 =007 ta =008 251022###########################0###### =020 ##$$a 9789791254588 =082 ##$$a 297.124 =084 ##$$a 297.124 ZHA e =245 ##$$a Ensiklopedia Kitab-Kitab Rujukan Hadits /$c Dr. Muhammad bin Mathar azh-Zhahrani =260 ##$$a Jakarta : :$b Darul Haq,